[Event "GER-chT U12"]
[Site "Magdeburg"]
[Date "2015.12.29"]
[Round "5.1"]
[White "Voss, Torben"]
[Black "Leonard, Timo"]
[Result "0-1"]
[WhiteElo "1131"]
[BlackElo "1533"]
[PlyCount "44"]
[EventDate "2015.12.27"]
[EventType "team-swiss"]
[EventRounds "7"]
[EventCountry "GER"]
[SourceTitle "EXT 2017"]
[Source "ChessBase"]
[SourceDate "2016.10.25"]
[SourceVersion "1"]
[SourceVersionDate "2016.10.25"]
[SourceQuality "1"]
[WhiteTeam "Magdeburg Schachzwerge"]
[BlackTeam "Ende"]
[WhiteTeamCountry "GER"]
[BlackTeamCountry "GER"]

1. e4 e6 2. d4 d5 3. e5 c5 4. c3 Bd7 5. Nf3 Nc6 6. Be3 cxd4 7. cxd4 Qb6 8. b3 Nge7 9. Bd3 Rc8 10. 0-0 Nb4 11. Qd2 Nxd3 12. Qxd3 Bb5 13. Qd1 Bxf1 14. Qxf1 Nc6 15. Nc3 Be7 16. Rc1 0-0 17. Qd3 Nb4 18. Qb1 Rc6 19. Bg5 Qc7 20. Bxe7 Qxe7 21. a3 Na6 22. b4 Rfc8 0-1

[Event "GER-chT North U12"]
[Site "Magdeburg"]
[Date "2014.09.13"]
[Round "5.4"]
[White "Voss, Torben"]
[Black "Bahde, Thiemo"]
[Result "0-1"]
[WhiteElo "1127"]
[BlackElo "994"]
[PlyCount "99"]
[EventDate "2014.09.11"]
[EventType "team-swiss"]
[EventRounds "7"]
[EventCountry "GER"]
[SourceTitle "EXT 2016"]
[Source "ChessBase"]
[SourceDate "2015.10.08"]
[SourceVersion "1"]
[SourceVersionDate "2015.10.08"]
[SourceQuality "1"]
[WhiteTeam "Magdeburg Schachzwerge"]
[BlackTeam "Harksheide"]
[WhiteTeamCountry "GER"]
[BlackTeamCountry "GER"]

1. e4 e5 2. Nf3 Nc6 3. d4 d6 4. Bc4 Bg4 5. h3 Bh5 6. c3 Bg6 7. Bd5 Nce7 8. Bg5 f6 9. Be3 Nxd5 10. exd5 Ne7 11. c4 c6 12. dxc6 Nxc6 13. d5 Nb8 14. Nc3 Be7 15. Qa4+ Nd7 16. Qb5 b6 17. Qa4 0-0 18. 0-0 Nc5 19. Qd1 Bd3 20. Re1 Bxc4 21. Nd2 Nd3 22. Qg4 Nxe1 23. Bh6 Rf7 24. Nxc4 Nd3 25. Ne2 f5 26. Qg3 Bh4 27. Qxd3 gxh6 28. Qe3 Bg5 29. Qg3 Rg7 30. h4 Bf6 31. Qe3 f4 32. Qa3 Be7 33. Qa4 Rc8 34. Re1 a6 35. Qxa6 Rxc4 36. Qxc4 Bxh4 37. Rc1 Bg5 38. Qd3 f3 39. Rc3 fxe2 40. Qxe2 Rc7 41. Rg3 Rc1+ 42. Kh2 Rc7 43. Qe3 Rg7 44. Qc3 Bf4 45. Kh3 Bxg3 46. fxg3 Rg5 47. g4 Qd7 48. Qc4 Rh5+ 49. Kg3 b5 50. Qxb5 0-1

[Event "GER-chT North U12"]
[Site "Magdeburg"]
[Date "2014.09.12"]
[Round "3.3"]
[White "Voss, Torben"]
[Black "Zaharov, Jan"]
[Result "1-0"]
[WhiteElo "1127"]
[BlackElo "921"]
[PlyCount "35"]
[EventDate "2014.09.11"]
[EventType "team-swiss"]
[EventRounds "7"]
[EventCountry "GER"]
[SourceTitle "EXT 2016"]
[Source "ChessBase"]
[SourceDate "2015.10.08"]
[SourceVersion "1"]
[SourceVersionDate "2015.10.08"]
[SourceQuality "1"]
[WhiteTeam "Magdeburg Schachzwerge"]
[BlackTeam "Bremen West"]
[WhiteTeamCountry "GER"]
[BlackTeamCountry "GER"]

1. e4 e5 2. Nf3 Nc6 3. d4 d6 4. d5 Nce7 5. Bb5+ c6 6. Bc4 Nf6 7. Nc3 Bg4 8. h3 Bh5 9. Bg5 Ng6 10. g4 h6 11. Bxf6 Qxf6 12. gxh5 Nh4 13. Nxh4 Qxh4 14. Qf3 b5 15. Bb3 b4 16. dxc6 bxc3 17. Qxf7+ Kd8 18. Qd7# 1-0

[Event "GER-chT North U12"]
[Site "Magdeburg"]
[Date "2014.09.11"]
[Round "1.4"]
[White "Engel, Robert"]
[Black "Voss, Torben"]
[Result "1-0"]
[WhiteElo "1373"]
[BlackElo "1127"]
[PlyCount "51"]
[EventDate "2014.09.11"]
[EventType "team-swiss"]
[EventRounds "7"]
[EventCountry "GER"]
[SourceTitle "EXT 2016"]
[Source "ChessBase"]
[SourceDate "2015.10.08"]
[SourceVersion "1"]
[SourceVersionDate "2015.10.08"]
[SourceQuality "1"]
[WhiteTeam "Hamburg"]
[BlackTeam "Magdeburg Schachzwerge"]
[WhiteTeamCountry "GER"]
[BlackTeamCountry "GER"]

1. e4 e5 2. Nf3 Nc6 3. Bc4 Bc5 4. c3 Nf6 5. d3 d6 6. 0-0 0-0 7. Bb3 Bg4 8. Re1 Qd7 9. Be3 Bxe3 10. fxe3 Rfe8 11. Nbd2 Rad8 12. d4 exd4 13. exd4 Re7 14. Bc2 d5 15. e5 Rde8 16. Nf1 b6 17. Ng3 Nb8 18. Qd3 g6 19. exf6 Rxe1+ 20. Rxe1 Bxf3 21. Rxe8+ Qxe8 22. Qxf3 Qe1+ 23. Nf1 c5 24. Qxd5 Qe3+ 25. Nxe3 cxd4 26. Qd8# 1-0

[Event "GER-chT U10"]
[Site "Magdeburg"]
[Date "2013.12.27"]
[Round "1.1"]
[White "Fromm, Nick"]
[Black "Voss, Torben"]
[Result "1-0"]
[WhiteElo "1287"]
[BlackElo "885"]
[PlyCount "68"]
[EventDate "2013.12.27"]
[EventType "team-swiss"]
[EventRounds "5"]
[EventCountry "GER"]
[SourceTitle "EXT 2015"]
[Source "ChessBase"]
[SourceDate "2014.11.20"]
[SourceVersion "1"]
[SourceVersionDate "2014.11.20"]
[SourceQuality "1"]
[WhiteTeam "Kassel"]
[BlackTeam "Magdeburg Schachzwerge III"]
[WhiteTeamCountry "GER"]
[BlackTeamCountry "GER"]

1. e4 e5 2. Nf3 Nc6 3. d4 exd4 4. Nxd4 Nxd4 5. Qxd4 Nf6 6. Nc3 Qe7 7. Bg5 h6 8. Nd5 Qd6 9. Nxf6+ gxf6 10. Bxf6 Qxd4 11. Bxd4 Rg8 12. 0-0-0 Rg4 13. f3 Rg8 14. g3 c5 15. Bc3 a6 16. Bg2 b5 17. Rde1 b4 18. Bd2 a5 19. f4 a4 20. e5 a3 21. Bxa8 axb2+ 22. Kxb2 Be7 23. c3 d5 24. Bxd5 Bg4 25. Rb1 Bf5 26. Be4 Be6 27. cxb4 f5 28. Bc6+ Kd8 29. Rhd1 c4 30. b5 Kc7 31. a3 Ra8 32. a4 Kb6 33. a5+ Kc5 34. Kc2 Rc8 1-0

[Event "GER-chT U10"]
[Site "Magdeburg"]
[Date "2013.12.27"]
[Round "2.1"]
[White "Voss, Torben"]
[Black "Roessler, Karl Georg"]
[Result "0-1"]
[WhiteElo "885"]
[BlackElo "1063"]
[PlyCount "88"]
[EventDate "2013.12.27"]
[EventType "team-swiss"]
[EventRounds "5"]
[EventCountry "GER"]
[SourceTitle "EXT 2015"]
[Source "ChessBase"]
[SourceDate "2014.11.20"]
[SourceVersion "1"]
[SourceVersionDate "2014.11.20"]
[SourceQuality "1"]
[WhiteTeam "Magdeburg Schachzwerge III"]
[BlackTeam "Oberland"]
[WhiteTeamCountry "GER"]
[BlackTeamCountry "GER"]

1. e4 e5 2. Nf3 Nc6 3. Bc4 Nf6 4. Ng5 d5 5. exd5 Na5 6. Bb5+ c6 7. dxc6 bxc6 8. Qf3 Bb7 9. Bd3 h6 10. Ne4 c5 11. a3 c4 12. Be2 Bxe4 13. Qc3 Bd6 14. b4 Nc6 15. b5 Na5 16. d3 cxd3 17. cxd3 Bg6 18. Bd2 Nb7 19. Bf3 Rc8 20. Qb3 e4 21. dxe4 0-0 22. e5 Bxe5 23. Bc3 Bxc3+ 24. Nxc3 Re8+ 25. Ne2 Nc5 26. Qb4 Nd3+ 27. Kf1 Nxb4 28. axb4 Re7 29. Nf4 Rec7 30. Ke2 Bd3+ 31. Nxd3 Rc2+ 32. Ke3 Nd5+ 33. Bxd5 Qxd5 34. Rhd1 Re8+ 35. Kf4 Qg5+ 36. Kf3 Re6 37. Rxa7 Rf6+ 38. Ke4 Re2+ 39. Kd4 Rd6+ 40. Kc3 Qf6+ 41. Kc4 Qd4+ 42. Kb3 Qxa7 43. Rc1 Rxd3+ 44. Kc4 Qd4# 0-1